00416 2200181 4500001002100000005001500021035002000036245004000056100000800096300001900104700000800123260002100131082001000152084001600162020002200178600000800200990002600208INLIS00000000000056620251110020843 a0010-11250001451 aKumpulan Soal Bahas usm stan /cTim0 aTim a192 ;c23,5 cm0 aTim bAzzamedia,c2014 a371.3 a371.3 TIM k a978-602-19116-5-5 4aTim a2014/SMKMIRI/1257/001